|
|
|
|
| LEADER |
00000nam0a2200000 4500 |
| 001 |
253987 |
| 005 |
20231101232908.0 |
| 010 |
|
|
|a 5283019772
|
| 020 |
|
|
|a RU
|b 89-43190
|
| 035 |
|
|
|a (RuTPU)RU\TPU\book\276408
|
| 090 |
|
|
|a 253987
|
| 100 |
|
|
|a 20140318d1989 k a0rusy5003 ca
|
| 101 |
0 |
|
|a rus
|
| 102 |
|
|
|a RU
|
| 105 |
|
|
|a a z 001zy
|
| 200 |
1 |
|
|a Гидрологические основы гидроэнергетики
|f под ред. А. Ш. Резниковского
|
| 205 |
|
|
|a 2-е изд., перераб. и доп.
|
| 210 |
|
|
|a Москва
|c Энергоатомиздат
|d 1989
|
| 215 |
|
|
|a 261 с.
|c граф., карт.
|
| 300 |
|
|
|a Авт. указаны на обороте тит. л.
|
| 320 |
|
|
|a Библиогр.: с. 253-258 (141 назв.)
|
| 606 |
1 |
|
|a Гидрология речная
|2 stltpush
|3 (RuTPU)RU\TPU\subj\6726
|9 34535
|
| 610 |
1 |
|
|a гидроэнергетика
|
| 610 |
1 |
|
|a гидроэлектрические станции
|
| 610 |
1 |
|
|a проектирование
|
| 610 |
1 |
|
|a реки
|
| 610 |
1 |
|
|a сток
|
| 610 |
1 |
|
|a водное хозяйство
|
| 610 |
1 |
|
|a случайные процессы
|
| 610 |
1 |
|
|a моделирование
|
| 675 |
|
|
|a 627.13
|z rus
|
| 702 |
|
1 |
|a Резниковский
|b А. Ш.
|g Аркадий Шмерович
|4 340
|
| 801 |
|
0 |
|a RU
|b RuMRKP
|c 19950417
|g psbo
|
| 801 |
|
1 |
|a RU
|b 63413507
|c 20140318
|
| 801 |
|
2 |
|a RU
|b 63413507
|c 20140704
|g RCR
|
| 942 |
|
|
|c BK
|